000 00257nam a2200097Ia 4500
001 692038
005 20250826161847.0
008 250824s9999 xx 000 0 und d
245 0 _aDEVLETİ ALİYYE
_cHALİL İNANCIK
260 _bTÜRKİYE İŞ BANKASI YAYINLARI
999 _c692038
_d692038